Mandy - Brawler Quiz - Statistics

General Stats
  • This quiz has been taken 151 times
    137 since last reset
  • The average score is 8 of 22
Answer Stats
Hint Answer % Correct
Rarity Epic
98%
Speed Normal
73%
How many enemies does Mandy need to hit with her super to instantly recharge it? 2
60%
Class Marksman
59%
Skins Magma
58%
Mandy's attack has the largest ___ in the game. Range
55%
Mandy was released in the Candyland season as a chromatic. Which season number was this? 16
54%
Skins MC
48%
What other brawlers were released that season? Chester
46%
Mastery Title Tough Cookie
43%
Skins Hanbok
34%
Skins Malicious
28%
Mandy's mastery icon features one of these Crown
22%
Super Name Sugar Ray
22%
Mandy's super supposedly goes on for the entire length of the map. It actually goes this far. 40 tiles
19%
Gadgets Caramelize
18%
What other brawlers were released that season? Gray
18%
Finish the voice line: "Sugary Sweet..." And hard to beat!
17%
Star Powers Hard Candy
17%
Gadgets Cookie Crumbs
15%
Star Powers In My Sights
15%
Attack Name Candy Dispenser
14%
No matching quizzes found
Score Distribution
Percent of People with Each Score
Percentile by Number Answered
Your Score History
You have not taken this quiz since the last reset